000
00226nam a2200121Ia 4500
100
_a
#N/A
942
_c
BK
245
_a
Nina Godbole - CYBER SECURITY
260
_b
#N/A
082
_b
22611
546
_a
ENGLISH
999
_c
32460
_d
32460